Sri Lanka: (Record no. 4533)
[ view plain ]
| 000 -LEADER | |
|---|---|
| fixed length control field | 00770nam a2200193 4500 |
| 008 - FIXED-LENGTH DATA ELEMENTS--GENERAL INFORMATION | |
| fixed length control field | 231219b |||||||| |||| 00| 0 eng d |
| 020 ## - ISBN | |
| ISBN | 9558908037 |
| 027 ## - STANDARD TECHNICAL REPORT NUMBER | |
| Report Number | 25387-CE |
| 082 ## - DEWEY DECIMAL CLASSIFICATION NUMBER | |
| Classification number | 338.9 |
| Item number | SRI |
| 942 ## - ADDED ENTRY ELEMENTS (KOHA) | |
| Item Type | Reports |
| 245 ## - TITLE STATEMENT | |
| Title | Sri Lanka: |
| Sub Title | promoting agricultural and rural non-farm sector growth: Volumes I & II |
| 260 ## - PUBLICATION, DISTRIBUTION, ETC. (IMPRINT) | |
| Place of Publication | [Colombo] : |
| Name of Publisher | Rural Development Unit, South Asia Region, World Bank, |
| Date of Copyright | 2003 |
| 300 ## - PHYSICAL DESCRIPTION | |
| Extent | xix. 89 p. ill., map ; 29 cm. |
| 440 ## - SERIES STATEMENT/ADDED ENTRY--TITLE | |
| Title | Document of the World Bank |
| 856 ## - ELECTRONIC LOCATION AND ACCESS | |
| Uniform Resource Identifier | <a href="https://openknowledge.worldbank.org/server/api/core/bitstreams/31aa88b0-2bf5-5e5b-80ec-9e88bf8edb32/content">https://openknowledge.worldbank.org/server/api/core/bitstreams/31aa88b0-2bf5-5e5b-80ec-9e88bf8edb32/content</a> |
| 650 ## - SUBJECT ADDED ENTRY--TOPICAL TERM | |
| Topical Term | Rural development--Sri Lanka--Congresses. |
| 650 ## - SUBJECT ADDED ENTRY--TOPICAL TERM | |
| Topical Term | Agriculture--Economic aspects--Sri Lanka |
| 650 ## - SUBJECT ADDED ENTRY--TOPICAL TERM | |
| Topical Term | Sri Lanka--Rural conditions |
| Withdrawn status | Lost status | Source of classification or shelving scheme | Damaged status | Not for loan | Permanent location | Current location | Date acquired | Total Checkouts | Full call number | Barcode | Date last seen | Price effective from | Koha item type |
|---|---|---|---|---|---|---|---|---|---|---|---|---|---|
| Dewey Decimal Classification | Resource center, Muslim Women's Research And Action Forum | Resource center, Muslim Women's Research And Action Forum | 2023-12-19 | 338.9 SRI | RAF4592 | 2023-12-19 | 2023-12-19 | Reports |

